[Event "27th Kavala Open 2018"]
[Site "Kavala"]
[Date "2018.08.06"]
[Round "2"]
[White "Nevednichy, Vladislav"]
[Black "Megalios, Konstantinos"]
[Result "0-1"]
[WhiteElo "2550"]
[BlackElo "2292"]
[Annotator "TA"]
[PlyCount "116"]
[EventDate "2018.08.06"]
[EventType "swiss"]
[EventCountry "GRE"]
[SourceTitle "playchess.com"]
[Source "ChessBase"]
[SourceQuality "1"]

{[%evp 14,116,-13,-18,0,-7,4,-16,0,-25,16,-56,-32,-75,-35,-53,0,-52,-7,-45,0,0,106,41,77,46,45,44,32,0,33,0,0,0,17,28,21,25,39,-49,-55,-135,-131,-218,-214,-261,-263,-292,-307,-250,-233,-623,-612,-678,-681,-648,-389,-380,-364,-416,-414,-409,-384,-529,-512,-502,-513,-504,-510,-671,-671,-671,-668,-619,-569,-1300,-1300,-1246,-1275,-1235,-1235,-1158,-1169,-1200,-780,-703,-649,-2221,-2075,-1942,-1813,-5708,-4920,-2210,-1838,-29970,-29966,-29971,-29972,-29972,-29973,-29973,-29968,-29961,-29965]} 1. e4 e5 2. Nf3 Nc6 3. Bc4 Nf6 4. d3 {[%cal Bd2d3,Bd3d4][%mdl 32]} h6 5. O-O d6 {[%cal Bd7d6,Bd6d5][%mdl 32]} 6. c3 g5 {C55: Zweispringerspiel} 7. d4 (7. a4 Bg7 8. Re1 O-O 9. h3 d5 10. exd5 Nxd5 11. Nbd2 a6 12. Ne4 Nf4 13. a5 b5 14. axb6 cxb6 {1-0 (43) Karjakin,S (2782)-Mamedyarov,S (2808) Paris 2018}) 7... g4 8. Ne1 {LiveBook: 4 Partien} Nxe4 {Die Stellung ist ausgeglichen.} 9. f3 Nf6 $146 ({Vorgänger:} 9... d5 10. Bb5 gxf3 11. Nxf3 Bg7 12. Nxe5 Bxe5 13. dxe5 Be6 14. Nd2 Nxd2 15. Bxd2 {1-0 (27) Fitzsimons,D (2325)-Collins,S (2452) Dublin 2018}) 10. fxg4 d5 11. Be2 Be6 12. Nc2 (12. Qb3 $11 Rb8 13. Nd3) 12... Bd6 13. Nd2 Qe7 14. h3 O-O-O (14... exd4 $15 15. Nxd4 Nxd4 16. cxd4 O-O-O) 15. Nf3 ({Günstiger ist} 15. Bb5 $11) 15... Ne4 16. Bb5 $1 Ng3 {zielt auf ...e4 ab.} 17. Bxc6 $1 Nxf1 (17... e4 $11 {bleibt in der Remisbreite.} 18. Ne5 Nxf1) 18. Qxf1 ({Besser ist} 18. dxe5 $16 Bc5+ 19. Kxf1 bxc6 20. Ncd4 Bxd4 21. Qxd4) 18... e4 $14 19. Bxb7+ Kxb7 20. Qb5+ Ka8 21. Qc6+ {[%mdl 1024] Weiss hat Kompensation.} Kb8 22. Qb5+ Ka8 23. Qc6+ Kb8 24. Ne5 Qe8 25. Qa6 $1 ({Ein No Go ist} 25. Nb4 Bxb4 26. Qxe8 Rdxe8 $15) 25... Bd7 26. Na3 (26. Bf4 $14) 26... Ka8 $36 {[%mdl 2048] Schwarz hat Initiative.} 27. Be3 (27. Nxd7 $15 Qxd7 28. Nb5) 27... Rb8 $17 28. b4 (28. c4 $17) 28... f6 $1 $19 29. Qa5 Rb7 ({Auf keinen Fall} 29... fxe5 30. dxe5 d4 31. Bxd4 $17) 30. Nxd7 Qxd7 31. Rf1 {[#]} h5 $1 {[%cal Rh5g4]} 32. Rf5 $2 (32. gxh5 Rxh5 33. Bd2) 32... hxg4 33. hxg4 Qc6 34. b5 Qb6 35. Qxb6 Rxb6 36. Bc1 Bxa3 37. Bxa3 Rxb5 38. Rxf6 {[%mdl 4096] Endspiel KTT-KTL} Ra5 39. Bc1 Rxa2 40. Bf4 Re8 41. Be5 e3 {[%cal Be4e3,Be3e2][%mdl 32] Weiss muss nun ...e2 beachten.} 42. Rf1 e2 43. Re1 Rf8 44. g5 Rd2 45. Bf6 Rd1 46. Kf2 {[#]} Rxe1 $1 47. Kxe1 {KT-KL} a5 48. Be7 Rf7 49. Ba3 Rf5 50. Kxe2 Rxg5 51. Kf3 Kb7 52. g4 Kc6 53. Kf4 Rg8 54. g5 Kb5 {Schwarz setzt Matt.} 55. Bc1 Kc4 56. Ke5 a4 57. Kf6 Kb3 58. Kf7 {[#]} Rxg5 $1 {[%mdl 512] Precision: Weiß = 37%, Schwarz = 78%.} 0-1

[Event "27th Kavala Open 2018"]
[Site "Kavala"]
[Date "2018.08.06"]
[Round "2"]
[White "Theodorou, Nikolas"]
[Black "Mashinskaya, Iulia"]
[Result "1-0"]
[WhiteElo "2532"]
[BlackElo "2285"]
[Annotator "TA"]
[PlyCount "59"]
[EventDate "2018.08.06"]
[EventType "swiss"]
[EventCountry "GRE"]
[SourceTitle "playchess.com"]
[Source "ChessBase"]
[SourceQuality "1"]

{[%evp 18,59,38,36,38,47,46,36,54,56,100,104,101,101,102,93,104,102,94,87,106,77,85,81,184,193,186,147,315,306,309,284,403,255,428,414,404,373,341,341,339,333,338,320]} 1. d4 d5 2. Nc3 Nf6 3. Bf4 c6 4. e3 Bf5 5. f3 (5. Nf3 h6 6. Ne5 Nbd7 7. g4 Bh7 8. h4 Nxe5 9. dxe5 Ne4 10. Nxe4 Bxe4 11. f3 Bh7 12. e6 {1-0 (57) Bortnyk,O (2610)-Dreev,A (2653) Riadh 2017}) 5... e6 6. g4 {D00: 1 d4 d5: Unusual lines} Bg6 7. h4 h6 8. Bd3 Bxd3 9. Qxd3 Bd6 10. Nge2 {LiveBook: 3 Games} Bxf4 11. Nxf4 Nbd7 12. O-O-O Qe7 $146 13. g5 hxg5 14. hxg5 Rxh1 15. Rxh1 Ng8 16. Qh7 O-O-O 17. Qxg7 {Black must now prevent Rh8.} e5 18. Nd3 $36 {[%cal Rd4e5][%mdl 2048] Keeping Black busy.} exd4 19. Qxd4 {f4 is the strong threat.} Qxg5 20. Qxa7 Ne7 (20... Ngf6 $16) 21. Re1 Nf5 22. f4 Qg3 $2 {[#]} (22... Qe7 $16 23. e4 dxe4) 23. e4 $18 {[%cal Be3e4,Be4e5][%mdl 32]} d4 24. Nb5 ({Don't take} 24. exf5 dxc3 25. Qa8+ (25. Re7 Qh4 $16) 25... Kc7 $18) 24... Re8 (24... cxb5 $142 25. exf5 Qf3 26. Qa8+ Kc7 27. Qa5+ Kc8 28. Qxb5 Qc6 29. Qxc6+ bxc6) 25. Nxd4 Nd6 $2 (25... Nxd4 {was necessary.} 26. Qxd4 Rd8) 26. e5 c5 27. Qa8+ Nb8 28. Qa5 {White has a decisive advantage.} cxd4 29. Qc5+ ({Weaker is} 29. exd6 Rxe1+ 30. Qxe1 Qxe1+ 31. Nxe1 Kd7 $18) 29... Nc6 {Black wants to play ...Nf5.} 30. Qxd6 {Precision: White = 87%, Black = 35%.} 1-0

[Event "27th Kavala Open 2018"]
[Site "Kavala"]
[Date "2018.08.06"]
[Round "2"]
[White "Plat, Vojtech"]
[Black "Vafiadis, Kleanthis"]
[Result "1-0"]
[WhiteElo "2524"]
[BlackElo "2267"]
[Annotator "TA"]
[PlyCount "53"]
[EventDate "2018.08.06"]
[EventType "swiss"]
[EventCountry "GRE"]
[SourceTitle "playchess.com"]
[Source "ChessBase"]
[SourceQuality "1"]

{[%evp 16,53,41,6,19,20,51,58,54,48,105,106,113,106,100,107,111,98,130,102,175,168,174,169,281,268,268,268,268,277,271,296,325,343,322,347,343,353,427,425]} 1. d4 Nf6 2. c4 g6 3. g3 Bg7 4. Bg2 O-O 5. Nc3 d6 6. Nf3 Nc6 7. O-O Bg4 8. h3 Bxf3 9. exf3 {LiveBook: 15 Games} e5 {E62: King's Indian: Fianchetto: 6...c6 and Panno Variation (6...Nc6) without ...a6} (9... Nd7 10. Be3 e5 11. d5 Nd4 12. f4 h5 13. Bd2 {1-0 (13) Mamedyarov,S (2731)-Polgar,J (2711) Almaty 2008}) 10. dxe5 Nxe5 11. Qb3 $146 ({Predecessor:} 11. b3 Nfd7 12. Qd2 Qf6 13. f4 Nxc4 14. bxc4 Qxc3 15. Qxc3 Bxc3 16. Rb1 Nc5 17. Be3 {½-½ (41) Mircic,I (2212)-Palosevic,A (2234) Serbia 2007}) 11... Nfd7 {White is slightly better.} 12. Be3 Nd3 (12... Nb6 $14) 13. Rad1 $16 N3c5 14. Qc2 a5 15. f4 Re8 16. Rfe1 f5 17. b3 Rc8 (17... Rb8 $16 {was called for.}) 18. a3 $18 {[%cal Ba2a3,Ba3b4][%mdl 32]} Qf6 {[#]} 19. Nb5 $1 Qb2 (19... Ne4 $142 20. Bd4 Qf7 21. Bxe4 fxe4 22. Bxg7 (22. Rxe4 Bxd4 23. Nxd4 Nc5 $16) 22... Qxg7 23. Rxe4 Rxe4 24. Qxe4 Nc5) 20. Bd5+ Kf8 21. Qxb2 Bxb2 22. b4 axb4 23. axb4 Ne4 24. Bxb7 Rb8 25. Bc6 ({But not} 25. Nxc7 $6 Rxb7 26. Nxe8 Bc3 $18) 25... Re7 26. Ba7 ({Don't do} 26. Nxc7 Bc3) 26... Rc8 27. f3 {Precision: White = 100%, Black = 44%.} 1-0

[Event "27th Kavala Open 2018"]
[Site "Kavala"]
[Date "2018.08.06"]
[Round "2"]
[White "Mastrovasilis, Athanasios"]
[Black "Papadopoulos, Nikolaos"]
[Result "1/2-1/2"]
[WhiteElo "2518"]
[BlackElo "2258"]
[Annotator "TA"]
[PlyCount "56"]
[EventDate "2018.08.06"]
[EventType "swiss"]
[EventCountry "GRE"]
[SourceTitle "playchess.com"]
[Source "ChessBase"]
[SourceQuality "1"]

{[%evp 27,56,23,25,18,40,18,15,16,12,10,9,3,10,0,0,0,0,0,0,-25,-18,-19,-19,-18,0,0,0,0,0,0,0]} 1. d4 {Besenthal,K} Nf6 2. c4 g6 3. Nc3 Bg7 4. Nf3 O-O 5. e4 d6 6. Be2 e5 7. O-O Nc6 8. dxe5 dxe5 9. Bg5 Qxd1 10. Rfxd1 Bg4 11. h3 Bxf3 {E97: King's Indian: Classical Main Line (6...e5 7 0-0 Nc6): 8 Be3 and 8 d5 Ne7, not 9 Ne1} 12. Bxf3 Nd4 13. Nd5 Nxd5 14. cxd5 c6 {LiveBook: 8 Games} 15. Rac1 {[#]} Rfe8 $146 ({Predecessor:} 15... cxd5 16. exd5 e4 17. Be3 exf3 18. Bxd4 Bxd4 19. Rxd4 {1-0 (77) Ragger,M (2695)-Saric,I (2678) Germany 2016 CBM 172 [Besenthal,K]}) 16. Be3 cxd5 17. exd5 Re7 18. Rc4 Rd7 19. Rdc1 h5 20. Rc8+ Rxc8 $1 21. Rxc8+ Kh7 22. d6 Nb5 23. Rc5 (23. Rc2 {is more complex.} f5 24. a4 Nxd6 25. Bxa7 e4 26. Be2) 23... Nxd6 24. Rd5 {The position is equal.} b6 25. Bd2 Rd8 26. Bb4 Bf8 27. Rxe5 Nc4 28. Rd5 Rxd5 {Precision: White = 71%, Black = 71%.} 1/2-1/2

[Event "27th Kavala Open 2018"]
[Site "Kavala"]
[Date "2018.08.06"]
[Round "2"]
[White "Quparadze, Giga"]
[Black "Tsakiris, Haralambos"]
[Result "1/2-1/2"]
[WhiteElo "2517"]
[BlackElo "2228"]
[Annotator "TA"]
[PlyCount "118"]
[EventDate "2018.08.06"]
[EventType "swiss"]
[EventCountry "GRE"]
[SourceTitle "playchess.com"]
[Source "ChessBase"]
[SourceQuality "1"]

{[%evp 23,118,13,19,3,0,6,7,0,0,0,0,0,15,8,13,16,16,-2,0,-34,-8,-8,-10,-56,-11,-12,-12,-13,0,0,0,-8,-7,-7,-7,-16,-10,-21,-6,-5,0,0,0,0,0,0,0,0,0,0,0,0,0,-10,0,0,0,0,0,0,0,0,0,0,0,0,8,0,0,0,0,-6,0,0,1697,0,0,0,0,0,0,0,0,0,0,0,0,0,0,0,0,0,0,0,0,0,0]} 1. e4 e5 2. Nf3 Nf6 {[%cal Bg8f6,Bf6e4,Be4d6][%mdl 32]} 3. Nxe5 d6 4. Nf3 Nxe4 5. d4 d5 6. Bd3 Bf5 7. O-O Be7 8. Re1 O-O 9. Nbd2 {C42: Petroff Defence: 3 Nxe5 and unusual White 3rd moves} Nd6 10. Nf1 c6 11. Ng3 Bxd3 12. Qxd3 Na6 {LiveBook: 3 Games} 13. Nf5 $146 ({Predecessor:} 13. Ne5 Nc7 14. Nh5 f6 15. Ng4 Ne4 16. f3 Ng5 17. Bxg5 fxg5 {1-0 (30) Salem,A (2642)-Yu,Y (2760) chess.com INT 2018}) 13... Nxf5 14. Qxf5 Nc7 15. Bg5 Bxg5 16. Nxg5 {[%csl Gg5][%cal Rf5h7] [#]} g6 17. Qf4 f6 18. Ne6 Nxe6 19. Rxe6 Re8 20. Rxf6 Re4 21. Qf3 Qe7 {[#] ( -> ...Re1+)} 22. g3 Rxd4 23. h4 Kg7 24. Rf4 Rxf4 25. Qxf4 $11 {[%mdl 4096] Endgame KQR-KQR} Rf8 26. Qd4+ Qf6 27. Qxf6+ Rxf6 {KR-KR} 28. Re1 Kf7 29. Re3 Re6 30. Rf3+ Kg7 31. Kf1 Re4 32. Ra3 Rb4 33. b3 a6 34. f3 c5 35. Ke2 Kf6 36. c3 Rb6 37. Ra4 Ke5 38. Rg4 Rf6 39. h5 b6 40. Ke3 gxh5 41. Rg5+ Rf5 42. Rg7 d4+ 43. cxd4+ cxd4+ 44. Ke2 h6 45. Rd7 h4 46. gxh4 Rf4 47. Rb7 b5 48. Rb6 Rf6 $2 {[%mdl 8192]} (48... Rxh4 $11 49. Rxa6 Rh2+ 50. Kd3 h5) 49. Rb8 $2 ({White must play} 49. Rxf6 $18 Kxf6 50. Kd3) 49... Rf4 {The position is equal.} 50. Ra8 Rxh4 {Strongly threatening ...Rh2+.} 51. Rxa6 Rh2+ 52. Kd3 Rf2 53. Rxh6 {Hoping for Rh5+.} Rxf3+ 54. Ke2 Rg3 55. Rh5+ Ke4 56. Rh4+ Ke5 57. Kd2 Rg2+ 58. Kd3 Rg3+ 59. Kd2 Rg2+ {Precision: White = 68%, Black = 66%.} 1/2-1/2

[Event "27th Kavala Open 2018"]
[Site "Kavala"]
[Date "2018.08.06"]
[Round "2"]
[White "Pezelj, Novak"]
[Black "Ladopoulos, Dimitrios"]
[Result "1/2-1/2"]
[WhiteElo "2483"]
[BlackElo "2191"]
[Annotator "TA"]
[PlyCount "141"]
[EventDate "2018.08.06"]
[EventType "swiss"]
[EventCountry "GRE"]
[SourceTitle "playchess.com"]
[Source "ChessBase"]
[SourceQuality "1"]

{[%evp 24,141,25,33,24,36,61,28,17,2,7,-22,-22,-12,-19,-76,-72,-69,-70,-90,-90,-93,-80,-80,-77,-98,-98,-97,-97,-96,-100,-100,-97,-101,-106,-102,-93,-93,-95,-95,-76,-76,-76,-76,-76,-76,-76,-76,-76,-80,-76,-113,-60,-89,-29,-52,-23,-50,-59,-80,-86,-155,-121,-93,-93,-84,-93,-78,-89,-61,-72,-71,0,0,0,0,0,-12,-14,-335,-327,-290,-265,-250,-250,-572,0,0,0,0,0,0,0,0,0,0,0,0,0,0,0,0,0,0,0,0,0,0,0,0,0,0,0,0,0,0,0,0,0,0]} 1. c4 b6 2. Nc3 Bb7 3. Nf3 e6 4. g3 Nf6 5. Bg2 Be7 6. O-O O-O 7. Qc2 d5 8. cxd5 exd5 9. d4 Nbd7 10. Bf4 c6 11. Rfe1 Re8 {E17: Queen's Indian: 4 g3 Bb7 5 Bg2 Be7} 12. Rad1 Nf8 13. e4 {LiveBook: 3 Games} dxe4 {White is slightly better.} (13... Nxe4 14. Nxe4 dxe4 15. Ne5 Bd6 16. Bxe4 Bxe5 17. dxe5 Qe7 {1-0 (44) Postny,E (2647)-Izsak,G (2471) Germany 2013}) 14. Nxe4 Ng6 $146 ({Predecessor:} 14... Nd5 15. Bc1 Qc7 16. Nc3 Bd6 17. Bd2 Rad8 18. Nxd5 cxd5 19. Qxc7 Bxc7 {½-½ (21) Geissler,W (2329)-Latas,P (2196) ICCF email 2015}) 15. Bc1 Nxe4 16. Qxe4 Bf6 17. Ne5 (17. Qf5 {with more complications.} Rxe1+ 18. Rxe1 Rc8 19. h4 Rc7 20. Bg5) 17... Nxe5 18. dxe5 Rxe5 {[#] White must now prevent ...Qe7.} 19. Rxd8+ (19. Qa4 $11 Rxe1+ 20. Rxe1) 19... Rxd8 $17 20. Qxe5 Bxe5 21. Rxe5 Rd1+ 22. Bf1 {[%cal Re5e8]} Kf8 23. Bf4 Ba6 $1 24. h4 Bxf1 {[%mdl 4096] Endgame KRB-KRB} 25. Kh2 Bc4 26. b3 Bd5 {[%csl Gd5][%cal Rd1h1]} 27. g4 f6 28. Re3 Kf7 29. Rc3 Rh1+ 30. Kg3 Rg1+ 31. Kh3 Be6 32. Rxc6 Rxg4 33. Bb8 {And now Rxe6! would win.} Rc4+ {[#]} 34. Rxe6 $1 {[%mdl 512] KRB-KR} Rc8 (34... Kxe6 35. bxc4) 35. Re4 Rxb8 {KR-KR} 36. Rc4 Re8 37. f3 Re7 (37... h5 $17 38. Kg3 Re2) 38. Kg4 Ke6 (38... Kg6 $17 39. Rc2 Kh6) 39. h5 $11 Kd5 40. Rc8 Re2 41. a4 a5 42. Rc7 (42. f4 $142) 42... Kd6 43. Rb7 Kc6 44. Rf7 Rg2+ 45. Kf4 h6 46. Ke4 Kc5 47. Rb7 Rg5 (47... Rg3 $17) 48. f4 $1 {[%cal Rf4g5]} Rxh5 {Strongly threatening ...g5.} 49. Rxg7 Rh3 50. Rc7+ Kd6 51. Rh7 $2 {[%mdl 8192]} (51. Rf7 $1 $11 {and White stays safe.}) 51... Rxb3 $19 52. Rxh6 Rb4+ 53. Kf5 Rxa4 54. Kxf6 $2 (54. Rxf6+ {was the crucial defense.} Kc5 55. Re6) 54... Rb4 $2 (54... Rxf4+ $19 55. Kg5+ Ke5 56. Rxb6 Rb4) 55. Kg7+ $11 {The position is equal.} Ke7 56. f5 {aiming for f6+.} Rg4+ 57. Rg6 $1 {[%cal Rg6g4]} Rxg6+ 58. fxg6 {KPP-KP} a4 59. Kh6 $1 {Hoping for g7.} a3 {Threatens to win with ...a2.} 60. g7 a2 $1 {[%cal Ra2a1]} ({Not} 60... Kf7 $2 61. Kh7 $18) 61. g8=Q a1=Q {KQ-KQ} 62. Qh7+ Kd6 {( -> ...Qh1+)} 63. Qd3+ Kc5 64. Qc2+ Kb5 65. Qd3+ Kc6 66. Qc4+ Kb7 {...Qf6+ is the strong threat.} 67. Qd5+ Ka7 68. Qf7+ Ka6 69. Qc4+ Ka5 70. Qd5+ Kb4 71. Qd6+ {Precision: White = 60%, Black = 69%.} 1/2-1/2

[Event "27th Kavala Open 2018"]
[Site "Kavala"]
[Date "2018.08.06"]
[Round "2"]
[White "Mu, Ke"]
[Black "Iskos, Alexandros"]
[Result "1/2-1/2"]
[WhiteElo "2446"]
[BlackElo "2179"]
[Annotator "TA"]
[PlyCount "115"]
[EventDate "2018.08.06"]
[EventType "swiss"]
[EventCountry "GRE"]
[SourceTitle "playchess.com"]
[Source "ChessBase"]
[SourceQuality "1"]

{[%evp 18,115,34,35,45,37,47,45,47,43,49,38,39,39,46,9,17,27,38,8,4,2,4,0,2,0,0,-1,-13,-21,-21,-17,0,-33,-31,-25,-16,-44,-20,-35,0,0,0,0,-7,-37,0,0,0,0,8,0,5,12,29,30,26,18,29,0,8,8,12,8,13,16,20,0,0,0,0,0,0,0,0,0,0,0,0,-29,-29,-36,0,-36,0,-6,-13,-51,-58,-120,-109,-162,-155,-146,0,-109,0,-123,0,0]} 1. d4 Nf6 2. c4 e6 3. Nf3 Bb4+ 4. Nbd2 d6 5. a3 Bxd2+ 6. Qxd2 {E11: Bogo-Indian} Nbd7 7. b4 b6 8. e3 Bb7 9. Be2 a5 10. Bb2 {LiveBook: 15 Games} axb4 11. axb4 Rxa1+ 12. Bxa1 O-O 13. O-O Qe7 $146 14. Bb2 Ra8 15. Qc2 e5 16. d5 b5 17. e4 bxc4 18. Bxc4 Nb6 19. Bb3 Qd7 20. Rc1 Ne8 21. Qe2 Ba6 {[%cal Bb7a6,Ba6b5,Bb5a4][%mdl 32]} 22. Qe1 Bb5 23. Nd2 Ba4 24. Ba2 Bb5 25. Ra1 Na4 26. Bb3 Qc8 27. Ba3 Nb6 28. h3 Ra6 29. Bb2 Qa8 30. Rxa6 Qxa6 31. Qe3 Nc4 32. Nxc4 Bxc4 33. Bc2 Bb5 34. Qc3 Qa2 35. Bc1 Qc4 36. Qxc4 Bxc4 $11 {[%mdl 4096] Endgame KBB-KBN} 37. Ba4 Kf8 38. Be3 Nf6 39. f3 Ke7 40. Kf2 Nd7 41. g4 h6 42. g5 hxg5 43. Bxg5+ f6 44. Be3 g5 45. Kg3 Be2 46. Kf2 Bc4 47. Bd1 Nf8 48. Kg3 Ng6 49. Ba4 Ba6 50. Ba7 Bc8 51. Bb8 Kd8 52. Bb5 f5 $1 {[%cal Bf6f5,Bf5f4][%mdl 32]} 53. Bf1 {[#]} (53. exf5 $1 $15 Bxf5 54. Bc6) 53... f4+ $1 $17 54. Kf2 (54. Kh2 $17) 54... Bd7 $19 {Hoping for ...Kc8.} 55. Ba7 Kc8 {And now ...Kb7 would win.} 56. Ba6+ Kd8 57. Bf1 $1 {[#]} Kc8 (57... Nh4 $1 $17 58. Be2 Bxh3) 58. Ba6+ {Precision: White = 52%, Black = 52%.} 1/2-1/2

[Event "27th Kavala Open 2018"]
[Site "Kavala"]
[Date "2018.08.06"]
[Round "2"]
[White "Neelotpal, Das"]
[Black "Kakushadze, Ilia"]
[Result "1-0"]
[WhiteElo "2429"]
[BlackElo "2149"]
[Annotator "TA"]
[PlyCount "53"]
[EventDate "2018.08.06"]
[EventType "swiss"]
[EventCountry "GRE"]
[SourceTitle "playchess.com"]
[Source "ChessBase"]
[SourceQuality "1"]

{[%evp 21,53,24,35,11,15,8,55,40,164,164,272,276,294,272,418,127,115,114,308,295,281,279,268,269,422,420,425,373,704,490,758,520,647,641]} 1. Nf3 c5 2. c4 Nf6 3. Nc3 e6 4. g3 b6 5. Bg2 Bb7 6. O-O Be7 7. Re1 d5 8. cxd5 Nxd5 9. Nxd5 Bxd5 10. e4 Bb7 11. d4 O-O {LiveBook: 4 Partien} 12. Bf4 {A17: Englische Eröffnung} (12. d5 $5) 12... cxd4 13. Nxd4 {[#]} Bb4 $146 ({Vorgänger:} 13... Nd7 14. Nb5 e5 15. Be3 Nc5 16. Nc3 Ne6 {½-½ (28) Barlov,D (2469)-Lajthajm,B (2511) Zlatibor 2007}) 14. Re3 {Weiß steht etwas besser.} Qe7 (14... Bc5 $14 15. Rd3 Qe8) 15. Nf5 $1 $18 {[%cal Rf5e7]} Qd7 (15... exf5 $142 16. exf5 Qd7) 16. Rd3 Qb5 17. a4 Qa5 {[#]} (17... Qe8 $142) 18. Nd6 $2 (18. Nxg7 $1 $18 {[%mdl 512] und der Rest ist Schweigen.} Kxg7 19. Qg4+ Kh8 20. Qh4) 18... Ba6 $16 {[#]} 19. Nb5 $1 $36 {[%mdl 2048] Schwarz steht unter starkem Druck.} Bxb5 $2 (19... Nc6 $16) 20. axb5 $18 Qxb5 21. e5 Nc6 {[#]} 22. Bf1 $1 Na5 (22... Nxe5 $142 23. Re3 Qd7) 23. Rd7 Qc6 24. Rc1 ({Bloß nicht} 24. Bg2 Qb5 $18) 24... Qe4 $2 (24... Bc5 25. Bg2 Qc8) 25. Rd4 {Weiß steht klar auf Gewinn.} Qf5 (25... Qb7 $142 26. Rxb4 Rac8 27. Rxc8 Qxc8) 26. Rxb4 Rfd8 27. Qe2 {Precision: Weiß = 68%, Schwarz = 12%.} 1-0

[Event "27th Kavala Open 2018"]
[Site "Kavala"]
[Date "2018.08.06"]
[Round "2"]
[White "Tsolakidou, Stavroula"]
[Black "Beliotis, Georgios"]
[Result "1/2-1/2"]
[WhiteElo "2418"]
[BlackElo "2117"]
[Annotator "TA"]
[PlyCount "88"]
[EventDate "2018.08.06"]
[EventType "swiss"]
[EventCountry "GRE"]
[SourceTitle "playchess.com"]
[Source "ChessBase"]
[SourceQuality "1"]

{[%evp 16,88,-7,-7,-1,-10,-6,-6,0,0,0,-16,0,-9,-18,-15,-9,-36,-21,-15,-14,-46,0,-12,-18,-19,6,4,5,-13,-6,-20,27,0,0,-22,-20,-33,-29,-41,-33,-36,-20,-20,-20,-20,-20,-20,-20,-20,-20,-20,-20,-20,-20,-20,-20,-27,-20,-20,-20,-20,-20,-20,-20,-20,-20,-20,-14,-10,0,0,0,-2,0]} 1. d4 Nf6 2. Nf3 e6 3. c4 c5 4. g3 cxd4 5. Nxd4 d5 6. Bg2 e5 7. Nc2 d4 8. f4 {E01: Katalanisch} Nc6 9. fxe5 {LiveBook: 4 Partien} (9. Bxc6+ bxc6 10. fxe5 Qa5+ 11. Qd2 Qxe5 12. Qxd4 Qxd4 13. Nxd4 Bh3 14. Nc3 Bc5 15. Nb3 Bb4 {1-0 (30) Vallejo Pons,F (2711)-Moiseenko,A (2657) Doha 2016}) 9... Ng4 10. Bxc6+ bxc6 11. Qxd4 Qxd4 12. Nxd4 Nxe5 13. Nc3 $146 ({Vorgänger:} 13. b3 Bh3 14. Bf4 Bb4+ 15. Kf2 Bc5 {½-½ (66) Perez Garcia,A (2361)-Warmerdam,M (2399) Mamaia 2017}) 13... Bc5 14. Nc2 Nxc4 15. b3 Ne5 16. Be3 Be7 17. Bd4 f6 18. O-O-O Be6 19. Rhf1 Nd7 20. Bg1 Bh3 21. Rf4 Nb6 22. Kb2 O-O 23. Rh4 Bc8 24. Re4 Rf7 25. Nd4 Bd7 26. Nf3 Bf8 27. Red4 c5 28. R4d2 Bc6 29. Rd8 Rxd8 30. Rxd8 {[#] Lxc5 ist eine echte Drohung.} Rd7 31. Rxd7 Nxd7 32. Nd2 Kf7 33. Nc4 Ke6 34. Na5 Bg2 35. Kc2 a6 36. Nc4 Bc6 37. Nb2 {Die Stellung ist ausgeglichen.} Bd6 38. Nd3 g5 39. Nd1 Be4 40. Kd2 f5 41. N1b2 Be7 42. Na4 {[%cal Rd3c5]} Kd5 43. Nc3+ Ke6 44. Na4 {[%cal Rd3c5]} Kd5 {Precision: Weiß = 63%, Schwarz = 61%.} 1/2-1/2